• 首页
  • 本馆介绍
  • 公告通知
  • 最新文献
  • 馆藏检索
  • 电子资源
  • 读者导购
  • 参考咨询
  • 我的图书馆
  • 登录
  • 详细信息显示
  • 放入我的书架
  • 预约/预借图书
  • 作者相关作品
  • 分类相关作品
  • 丛书相关作品
  • 出版社相关作品

书目信息

  • 表格格式
  • 工作单格式
  • 卡片格式
题名:
实用生物化学导论
    
 
作者: 普卢默 , Plummer 著 ;吴縢 译
分册:  
出版信息: 北京   科学出版社  1985
页数: 362页
开本: 19cm
丛书名:
单 册:
中图分类: Q5-33
科图分类:
主题词: 生物化学--实验
电子资源:
ISBN:
000 00786nam0 2200277 45
001 0185010880
005 20040629145957.4
010    @dCNY2.80
091    @a13031.2769
100    @a19900903d1985 em y0chiy0121 ea
101 1  @achi@ceng
102    @aCN@b110000
105    @aa z 000yy
106    @ar
200 10 @a实用生物化学导论@Ashi yong sheng wu hua xue dao lun@f(英)普卢默(Plummer,D.T.)著@g吴縢译
210    @a北京@c科学出版社@d1985
215    @a362页@d19cm
517 1  @a生物化学导论@Asheng wu hua xue dao lun
606    @a生物化学@x实验
690    @aQ5-33@v3
701  1 @a普卢默@Apu lu mo@bD.T.@4著
701 A1 @aPlummer@bD.T.@4著
702  0 @a吴縢@Awu hui@4译
801  0 @aCN@b深圳图书馆@c20040629
801  2 @aCN@bNLC@c20040629
905    @f1@b127307@dQ5-33@e16
    
    实用生物化学导论/(英)普卢默(Plummer,D.T.)著/吴縢译.-北京:科学出版社,1985
    362页;19cm
    
    
    ISBN :CNY2.80
    
●
相关链接 在E读中查询图书 在五车中查询图书 在当当中查询图书 在豆瓣中查询图书


正题名:实用生物化学导论     索取号:Q5-33/16         预约/预借

序号 登录号 条形码 馆藏地/架位号 状态 备注
1 0127307   001932270   第三借阅区/ [索取号:Q5-33/16] 在馆    
2 0127308   202104249   第二样本阅览室/ [索取号:Q5-33/16] 在馆    
唐山师范学院图书馆 欢迎您!
大连网信软件有限公司© 版权所有